<?xml version="1.0" encoding="UTF-8"?>
<record
    xmlns:xsi="http://www.w3.org/2001/XMLSchema-instance"
    xsi:schemaLocation="http://www.loc.gov/MARC21/slim http://www.loc.gov/standards/marcxml/schema/MARC21slim.xsd"
    xmlns="http://www.loc.gov/MARC21/slim">

  <leader>00507nam a22001457a 4500</leader>
  <datafield tag="999" ind1=" " ind2=" ">
    <subfield code="c">134030</subfield>
    <subfield code="d">134030</subfield>
  </datafield>
  <controlfield tag="005">20240508110452.0</controlfield>
  <controlfield tag="008">240508b           ||||| |||| 00| 0 eng d</controlfield>
  <datafield tag="040" ind1=" " ind2=" ">
    <subfield code="c">PK-LaUMT</subfield>
  </datafield>
  <datafield tag="082" ind1=" " ind2=" ">
    <subfield code="a">APC 297.4</subfield>
    <subfield code="b">SHA-S</subfield>
  </datafield>
  <datafield tag="100" ind1=" " ind2=" ">
    <subfield code="a">Shah Wali Ullah = &#x634;&#x627;&#x6C1; &#x648;&#x644;&#x6CC; &#x627;&#x644;&#x644;&#x6C1;</subfield>
  </datafield>
  <datafield tag="245" ind1=" " ind2=" ">
    <subfield code="a">Shifa ul aleel tarjmah alqool ul jamil = &#x634;&#x641;&#x627; &#x626; &#x627;&#x644;&#x639;&#x644;&#x6CC;&#x644; &#x62A;&#x631;&#x62C;&#x645;&#x6C1; &#x627;&#x644;&#x642;&#x648;&#x644; &#x627;&#x644;&#x62C;&#x645;&#x6CC;&#x644; /</subfield>
    <subfield code="c">by Shah Wali Ullah = &#x634;&#x627;&#x6C1; &#x648;&#x644;&#x6CC; &#x627;&#x644;&#x644;&#x6C1;</subfield>
  </datafield>
  <datafield tag="260" ind1=" " ind2=" ">
    <subfield code="a">Lahore :</subfield>
    <subfield code="b">Maktabah Rahmania,</subfield>
    <subfield code="c">NA</subfield>
  </datafield>
  <datafield tag="300" ind1=" " ind2=" ">
    <subfield code="a">224 p.</subfield>
  </datafield>
  <datafield tag="942" ind1=" " ind2=" ">
    <subfield code="c">BK</subfield>
  </datafield>
  <datafield tag="952" ind1=" " ind2=" ">
    <subfield code="0">0</subfield>
    <subfield code="1">0</subfield>
    <subfield code="4">0</subfield>
    <subfield code="7">0</subfield>
    <subfield code="a">01</subfield>
    <subfield code="b">01</subfield>
    <subfield code="d">2024-05-08</subfield>
    <subfield code="l">0</subfield>
    <subfield code="o">APC 297.4 SHA-S</subfield>
    <subfield code="p">146822</subfield>
    <subfield code="r">2024-05-08 00:00:00</subfield>
    <subfield code="w">2024-05-08</subfield>
    <subfield code="y">BK</subfield>
  </datafield>
</record>
